| 000 | 00856nam a2200181Ia 4500 | ||
|---|---|---|---|
| 008 | 090124s9999 xx 000 0 und d | ||
| 082 | _b9008 | ||
| 100 | _aसरदार गंगाधर बाळकृष्ण | ||
| 245 | _a अर्वाचीन मराठी गद्याची पूर्वपीठीका | ||
| 250 | _a0 | ||
| 260 |
_bगंगाधर बाळकृष्ण सरदार पुणे _c1937 |
||
| 300 | _a2+349 | ||
| 600 | _aसरदार गंगाधर बाळकृष्ण | ||
| 630 | _a अर्वाचीन मराठी गद्याची पूर्वपीठीका | ||
| 700 | _aसरदार गंगाधर बाळकृष्ण | ||
| 730 | _a अर्वाचीन मराठी गद्याची पूर्वपीठीका | ||
| 942 | _cBOOK | ||
| 999 |
_c86634 _d86634 |
||